000
00270pam a2200121 a 4500
020
_c
041
_a
eng
100
_a
Childe Lordan.
245
_a
What Happend In History
_h
Textual Documents
260
_a
New York
_b
Penguin Books Ltd
300
_a
286p.
930
_a
15152
999
_c
92052
_d
92052